000 00813nam a2200241 a 4500
001 000032630
005 20240305140537.0
008 110415s2007 dr a 000 0 spa d
020 _z9945859609
040 _aDO-SdBNP
_bspa
_cBNPHU
082 _a759.97293
_bG216y
100 1 _aGarcía, José Enrique,
_d1948-
_922487
245 1 0 _aYoryi Morel :
_bfundador y fundamental 1906-1979 /
_cJosé Enriquez, García.
260 _aSanto Domingo :
_bCentro de Arte Ceballos-Estrella,
_c2007.
300 _a193 p. :
_bil. ;
_c25 cm.
504 _aBibliografía p: 230-231
500 _aIncluye datos biografícos de Yoryi Morel
600 1 4 _aMOREL, YORYI, 1906-1979
_958525
650 4 _aPintura dominicana
_91858
650 4 _aPintores dominicanos
_911660
910 _aValidado. Control de calidad
049 _aBNPD
999 _c32121
_d32121